[Event "I Weekend A"]
[Site "Biella ITA"]
[Date "2010.09.24"]
[Round "1"]
[White "Miracola, Giorgia"]
[Black "Grinza, Andrea"]
[Result "0-1"]
[WhiteElo "1747"]
[BlackElo "2239"]
[PlyCount "100"]
[EventDate "2010.09.24"]

1. e4 c6 2. d4 d5 3. Nc3 dxe4 4. Nxe4 Bf5 5. Ng3 Bg6 6. Nf3 Nd7 7. Bd3 Bxd3 8.
Qxd3 Qc7 9. Be3 e6 10. O-O Ngf6 11. Rfe1 Be7 12. c4 O-O 13. Rac1 Rad8 14. Qc3
Rfe8 15. Bg5 h6 16. Be3 Bd6 17. Ne2 Ng4 18. h3 Nxe3 19. Qxe3 c5 20. Qd3 a6 21.
Nc3 cxd4 22. Nxd4 Nc5 23. Qd1 Be5 24. Nce2 Rf8 25. b4 Ne4 26. f4 Bxf4 27. Nxf4
Qxf4 28. Qf3 Qxf3 29. Nxf3 f5 30. Ne5 Rd2 31. a3 Re8 32. Rcd1 Red8 33. Rxd2
Rxd2 34. Rf1 Rc2 35. Rf3 Nd2 36. Rf4 Rc1+ 37. Kh2 Nf1+ 38. Kg1 Ng3+ 39. Kh2 g5
40. Nd3 Rh1+ 41. Kxg3 gxf4+ 42. Nxf4 Kf7 43. Kh4 Ra1 44. Kh5 Rxa3 45. Kxh6 Rb3
46. g4 e5 47. Ng6 Rxh3+ 48. Kg5 fxg4 49. Nxe5+ Ke6 50. Nxg4 Rc3 0-1

[Event "I Weekend A"]
[Site "Biella ITA"]
[Date "2010.09.24"]
[Round "1"]
[White "Naumkin, Igor"]
[Black "Squara, Marco"]
[Result "1-0"]
[WhiteElo "2483"]
[BlackElo "1806"]
[PlyCount "73"]
[EventDate "2010.09.24"]

1. d4 Nf6 2. c4 e6 3. Nf3 Bb4+ 4. Nbd2 O-O 5. g3 d5 6. Bg2 Nbd7 7. O-O Be7 8.
Qc2 c6 9. b3 b6 10. Bb2 Bb7 11. e4 dxe4 12. Nxe4 Nxe4 13. Qxe4 Nf6 14. Qc2 h6
15. Rad1 Rc8 16. Ne5 Ba8 17. Rfe1 b5 18. c5 Nd5 19. Bh3 Nc7 20. Bc1 Bf6 21. Qe4
Bxe5 22. dxe5 Qe7 23. Bf1 Rcd8 24. Rd6 f5 25. exf6 Qxf6 26. Qe2 Kh8 27. Bb2 Qf5
28. Be5 Nd5 29. Rxe6 Rf7 30. Rxh6+ Kg8 31. Bh3 Qg5 32. Rh5 Qe7 33. Qe4 Nf6 34.
Bxf6 Qxe4 35. Rxe4 Rd1+ 36. Kg2 Rxf6 37. Re8+ 1-0

[Event "I Weekend A"]
[Site "Biella ITA"]
[Date "2010.09.24"]
[Round "1"]
[White "Pedemonte, Claudio"]
[Black "Inkiov, Ventzislav V."]
[Result "0-1"]
[WhiteElo "1808"]
[BlackElo "2485"]
[PlyCount "40"]
[EventDate "2010.09.24"]

1. c4 e6 2. d4 Nf6 3. g3 Bb4+ 4. Bd2 Qe7 5. Bg2 Bxd2+ 6. Nxd2 d6 7. Ngf3 e5 8.
dxe5 dxe5 9. O-O e4 10. Ng5 e3 11. Nde4 Nxe4 12. Nxe4 exf2+ 13. Rxf2 Nc6 14.
Qd2 Ne5 15. Qf4 O-O 16. Kh1 Nxc4 17. Nf6+ Qxf6 18. Qxf6 gxf6 19. Rxf6 Kg7 20.
Raf1 Ne3 0-1

[Event "I Weekend A"]
[Site "Biella ITA"]
[Date "2010.09.24"]
[Round "1"]
[White "Pulito, Alberto"]
[Black "Petrone, Gianmario"]
[Result "1-0"]
[WhiteElo "2263"]
[BlackElo "1766"]
[PlyCount "49"]
[EventDate "2010.09.24"]

1. e4 c5 2. a3 g6 3. h4 Bg7 4. h5 e6 5. Nc3 Ne7 6. Nf3 Nbc6 7. Rb1 d6 8. b4 b6
9. Bb2 Nd4 10. h6 Nxf3+ 11. Qxf3 Be5 12. Nb5 Nc6 13. c3 O-O 14. d4 Bh8 15. e5
d5 16. Bd3 Ba6 17. bxc5 bxc5 18. a4 cxd4 19. cxd4 Nb4 20. Ba3 Nxd3+ 21. Qxd3
Qa5+ 22. Bb4 Qxa4 23. Bxf8 Rxf8 24. O-O Rb8 25. Nc3 1-0

[Event "I Weekend A"]
[Site "Biella ITA"]
[Date "2010.09.24"]
[Round "1"]
[White "Schingaro, Angelo"]
[Black "Topczewski, Damian"]
[Result "0-1"]
[WhiteElo "1724"]
[BlackElo "2165"]
[PlyCount "42"]
[EventDate "2010.09.24"]

1. e4 c5 2. Nf3 Nc6 3. d4 cxd4 4. Nxd4 g6 5. Be3 Nf6 6. f3 Bg7 7. Nc3 O-O 8.
Qd2 d5 9. Nxc6 bxc6 10. O-O-O Be6 11. exd5 cxd5 12. Be2 Qa5 13. Kb1 Rab8 14.
Bd4 Qb4 15. Nb5 Rxb5 16. Bxb5 Qxb5 17. h4 h5 18. Rhe1 a5 19. Bc3 Rc8 20. Qd4
Rc4 21. Qd3 Bf5 0-1

[Event "I Weekend A"]
[Site "Biella ITA"]
[Date "2010.09.24"]
[Round "1"]
[White "Sgnaolin, Davide"]
[Black "Lavino, Stefano"]
[Result "1-0"]
[WhiteElo "2247"]
[BlackElo "1755"]
[PlyCount "57"]
[EventDate "2010.09.24"]

1. e4 c6 2. d4 d5 3. Nd2 dxe4 4. Nxe4 Nd7 5. Bd3 Ngf6 6. Ng5 Qb6 7. Ne2 e6 8.
O-O Be7 9. c4 c5 10. a3 cxd4 11. b4 Ne5 12. c5 Qd8 13. Bb5+ Nc6 14. Nxd4 Bd7
15. Bxc6 Bxc6 16. Nxc6 bxc6 17. Bb2 O-O 18. Qc2 h6 19. Rad1 Qc7 20. Bxf6 hxg5
21. Bxe7 Qxe7 22. Qe4 Qb7 23. Rd3 a5 24. Rh3 g6 25. Qe5 f6 26. Qxe6+ Kg7 27.
Rd3 Rfd8 28. Rfd1 Rxd3 29. Rxd3 1-0

[Event "I Weekend A"]
[Site "Biella ITA"]
[Date "2010.09.24"]
[Round "1"]
[White "Stips, Felix"]
[Black "Migliorini, Matteo"]
[Result "1-0"]
[WhiteElo "2214"]
[BlackElo "1742"]
[PlyCount "43"]
[EventDate "2010.09.24"]

1. Nf3 Nc6 2. d4 d5 3. c4 Bg4 4. e3 e6 5. h3 Bh5 6. Nc3 Nf6 7. cxd5 exd5 8. g4
Bg6 9. Bb5 Bb4 10. Ne5 Qd6 11. Qa4 O-O 12. Bxc6 Ne4 13. O-O Bxc3 14. Bxb7 Rab8
15. Qxa7 Bd2 16. f3 Bxc1 17. Raxc1 f6 18. fxe4 fxe5 19. Bxd5+ Kh8 20. Qc5 exd4
21. Rxf8+ Rxf8 22. Qxd6 1-0

[Event "I Weekend A"]
[Site "Biella ITA"]
[Date "2010.09.25"]
[Round "2"]
[White "Caldi, Mario"]
[Black "Pulito, Alberto"]
[Result "0-1"]
[WhiteElo "1870"]
[BlackElo "2263"]
[PlyCount "48"]
[EventDate "2010.09.24"]

1. e4 e6 2. d4 d5 3. Nc3 Bb4 4. e5 c5 5. a3 Bxc3+ 6. bxc3 Ne7 7. Bd3 Nbc6 8.
Nf3 Qa5 9. Bd2 c4 10. Be2 f6 11. O-O Bd7 12. Re1 O-O-O 13. Bf1 h6 14. Qc1 fxe5
15. Nxe5 Nxe5 16. dxe5 Nc6 17. Rb1 g5 18. Qb2 b6 19. f4 gxf4 20. Bxf4 Rdf8 21.
Be3 Rf5 22. Bd4 Rhf8 23. Qb5 Qxb5 24. Rxb5 Nxd4 0-1

[Event "I Weekend A"]
[Site "Biella ITA"]
[Date "2010.09.25"]
[Round "2"]
[White "Forno, Roberto"]
[Black "Lanzani, Mario"]
[Result "0-1"]
[WhiteElo "1931"]
[BlackElo "2360"]
[PlyCount "114"]
[EventDate "2010.09.24"]

1. d4 Nf6 2. Nf3 g6 3. c4 Bg7 4. Nc3 d5 5. e3 O-O 6. Be2 c5 7. b3 cxd4 8. exd4
Nc6 9. O-O Ne4 10. Bb2 Nxc3 11. Bxc3 dxc4 12. bxc4 Bg4 13. Rc1 Bxf3 14. Bxf3
Nxd4 15. Bxb7 Rb8 16. Bd5 Qb6 17. Ba1 Qc5 18. Qd3 e6 19. Rfd1 exd5 20. Bxd4
Bxd4 21. Qxd4 Qxd4 22. Rxd4 dxc4 23. Rdxc4 Rb2 24. R4c2 Rxc2 25. Rxc2 Rd8 26.
Kf1 Rd3 27. Ke2 Ra3 28. Kd2 h5 29. Kc1 Kg7 30. Kb2 Rd3 31. Rc3 Rd2+ 32. Rc2 Rd1
33. Rc1 Rd5 34. Kb3 h4 35. h3 Rg5 36. Rg1 Rf5 37. Rc1 Rg5 38. Rg1 Kf6 39. Kc4
Kf5 40. g4+ Kf4 41. Rd1 Kf3 42. Rd2 Re5 43. a4 Re7 44. a5 Kg2 45. Rd3 Kxf2 46.
Rb3 Kg2 47. a6 Re6 48. Ra3 f5 49. gxf5 gxf5 50. Kd5 Re8 51. Rb3 f4 52. Rb7 Rf8
53. Rxa7 f3 54. Rg7+ Kxh3 55. a7 f2 56. Rf7 Rxf7 57. a8=Q f1=Q 0-1

[Event "I Weekend A"]
[Site "Biella ITA"]
[Date "2010.09.25"]
[Round "2"]
[White "Genocchio, Daniele"]
[Black "Rambaldi, Francesco"]
[Result "1-0"]
[WhiteElo "2449"]
[BlackElo "2015"]
[PlyCount "61"]
[EventDate "2010.09.24"]

1. e4 c5 2. Nf3 d6 3. d4 Nf6 4. Nc3 cxd4 5. Nxd4 a6 6. f4 e6 7. Bd3 Nbd7 8. Qe2
Nc5 9. Be3 b5 10. a3 Bb7 11. O-O Ncxe4 12. Nxe4 Bxe4 13. Bxe4 Nxe4 14. c4 bxc4
15. Qxc4 Nc5 16. b4 d5 17. Qc2 Nd7 18. f5 e5 19. Ne6 fxe6 20. fxe6 Be7 21. Rf7
Rc8 22. Qa4 Rc3 23. Bc5 Bxc5+ 24. bxc5 Qc7 25. Raf1 Rc4 26. exd7+ Kd8 27. Qxa6
Qxc5+ 28. Kh1 Kc7 29. d8=Q+ Kxd8 30. Qa8+ Qc8 31. Qxd5+ 1-0

[Event "I Weekend A"]
[Site "Biella ITA"]
[Date "2010.09.25"]
[Round "2"]
[White "Inkiov, Ventzislav V."]
[Black "Temi, Walter"]
[Result "1-0"]
[WhiteElo "2485"]
[BlackElo "2098"]
[PlyCount "75"]
[EventDate "2010.09.24"]

1. d4 Nf6 2. c4 g6 3. Nc3 d5 4. Bf4 Bg7 5. e3 O-O 6. Qb3 c6 7. Nf3 Qa5 8. Nd2
Nbd7 9. Be2 Nb6 10. Bc7 dxc4 11. Nxc4 Qg5 12. O-O Nxc4 13. Bxc4 b5 14. Be2 Be6
15. Qc2 b4 16. Na4 Bd5 17. Bg3 Ne4 18. Bf4 Qh4 19. f3 Nd6 20. Bg3 Qg5 21. e4
Bxd4+ 22. Kh1 Be6 23. Rad1 c5 24. f4 Qh6 25. b3 Rac8 26. f5 Bd7 27. f6 e5 28.
Qb1 Rfd8 29. Nb2 Bc6 30. Bd3 Qf8 31. Nc4 Nxc4 32. Bxc4 Qe8 33. h4 h5 34. Qc2 a5
35. Qe2 a4 36. bxa4 Bxa4 37. Rd3 Bb5 38. Rxd4 1-0

[Event "I Weekend A"]
[Site "Biella ITA"]
[Date "2010.09.25"]
[Round "2"]
[White "Marholev, Dimitar"]
[Black "Marinone, Lucio"]
[Result "1/2-1/2"]
[WhiteElo "2407"]
[BlackElo "1997"]
[PlyCount "47"]
[EventDate "2010.09.24"]

1. e4 c5 2. Nc3 a6 3. f4 b5 4. Nf3 Bb7 5. d3 e6 6. g3 d5 7. e5 Nh6 8. Bg2 Be7
9. O-O O-O 10. d4 Nc6 11. Ne2 Qb6 12. c3 Rac8 13. Kh1 b4 14. Be3 a5 15. dxc5
Bxc5 16. Bxc5 Qxc5 17. cxb4 Qxb4 18. a3 Qb6 19. Ned4 Ba6 20. Rf2 Ng4 21. Rd2
Ne3 22. Qg1 Nc4 23. Rc2 Nxd4 24. Qxd4 1/2-1/2

[Event "I Weekend A"]
[Site "Biella ITA"]
[Date "2010.09.25"]
[Round "2"]
[White "Miracola, Massimiliano"]
[Black "Sgnaolin, Davide"]
[Result "0-1"]
[WhiteElo "1845"]
[BlackElo "2247"]
[PlyCount "74"]
[EventDate "2010.09.24"]

1. e4 c5 2. Nf3 Nc6 3. d4 cxd4 4. Nxd4 g6 5. c4 Nf6 6. Nc3 d6 7. Nc2 Bg7 8. Be2
O-O 9. O-O Be6 10. Rb1 a5 11. Be3 Rc8 12. f3 Nd7 13. Qd2 f5 14. Nd5 fxe4 15.
fxe4 Nf6 16. Nxf6+ Bxf6 17. Nd4 Bd7 18. b3 Ne5 19. Nf3 Ng4 20. Rbd1 Qc7 21. e5
Nxe5 22. Nxe5 Bxe5 23. Bh6 Qc5+ 24. Kh1 Bg7 25. Bxg7 Kxg7 26. Bf3 Bc6 27. Qe1
Bxf3 28. Rxf3 Rxf3 29. gxf3 Qg5 30. Rd5 Qf6 31. Qf2 a4 32. Rb5 axb3 33. axb3
Ra8 34. Rxb7 Ra1+ 35. Kg2 Qg5+ 36. Qg3 Ra2+ 37. Kh3 Qh5+ 0-1

[Event "I Weekend A"]
[Site "Biella ITA"]
[Date "2010.09.25"]
[Round "2"]
[White "Profumo, Alberto"]
[Black "Crepaldi, Marco"]
[Result "1-0"]
[WhiteElo "2250"]
[BlackElo "1917"]
[PlyCount "51"]
[EventDate "2010.09.24"]

1. Nf3 d5 2. g3 Nf6 3. Bg2 e6 4. d4 b6 5. c4 Bb7 6. O-O Nbd7 7. cxd5 exd5 8.
Nc3 Be7 9. Bf4 Nh5 10. Bd2 O-O 11. Ne5 Nhf6 12. Bf4 Ne4 13. Nxe4 dxe4 14. Qc2
Nf6 15. Rfd1 Bd6 16. Bg5 Re8 17. Ng4 Bd5 18. Bxf6 gxf6 19. Ne3 c6 20. Bh3 Be6
21. Bxe6 Rxe6 22. Rac1 Bf8 23. d5 cxd5 24. Nxd5 Rd6 25. Qxe4 Rc8 26. Qg4+ 1-0

[Event "I Weekend A"]
[Site "Biella ITA"]
[Date "2010.09.25"]
[Round "2"]
[White "Rocchi, Enrico"]
[Black "Arnaudov, G. Petar"]
[Result "0-1"]
[WhiteElo "1966"]
[BlackElo "2442"]
[PlyCount "48"]
[EventDate "2010.09.24"]

1. e4 e5 2. Nf3 Nc6 3. d4 exd4 4. Nxd4 Bc5 5. Be3 Qf6 6. c3 Nge7 7. Bc4 O-O 8.
O-O b6 9. Qd2 Qg6 10. Nxc6 Nxc6 11. Bxc5 bxc5 12. f3 Rb8 13. Na3 Kh8 14. Rae1
f5 15. exf5 Qxf5 16. Bd5 Ba6 17. Rf2 Ne5 18. Be4 Qh5 19. Qd5 Rbe8 20. Kh1 Qh4
21. Qd2 Ng4 22. g3 Nxf2+ 23. Qxf2 Qh5 24. c4 c6 0-1

[Event "I Weekend A"]
[Site "Biella ITA"]
[Date "2010.09.25"]
[Round "2"]
[White "Trumpf, Walter"]
[Black "Naumkin, Igor"]
[Result "0-1"]
[WhiteElo "2060"]
[BlackElo "2483"]
[PlyCount "86"]
[EventDate "2010.09.24"]

1. d4 Nf6 2. Nc3 d5 3. e4 dxe4 4. f3 exf3 5. Nxf3 e6 6. Bd3 c5 7. O-O cxd4 8.
Nb5 Nc6 9. Kh1 Be7 10. Nbxd4 Nxd4 11. Nxd4 O-O 12. Nf3 Qd5 13. Qe1 Bd7 14. Ne5
Bc6 15. Nxc6 bxc6 16. b3 Qh5 17. Bb2 Bd6 18. h3 Nd5 19. Rd1 Rad8 20. Be4 f5 21.
Bf3 Qh6 22. Bc1 Qf6 23. c4 Ne7 24. Bg5 Qf7 25. Bxe7 Qxe7 26. Bxc6 Bb8 27. Qa5
Rd6 28. Bf3 Rfd8 29. Rde1 Qh4 30. c5 R6d7 31. Rxe6 Qg3 32. Rd6 Bxd6 33. cxd6
Qxd6 34. Qxf5 g6 35. Qe4 Kg7 36. Rd1 Qf6 37. Re1 h5 38. Qb4 Rf7 39. Qc4 Rd2 40.
Re6 Qa1+ 41. Kh2 Rxf3 42. Ra6 Rxh3+ 43. Kxh3 Qh1+ 0-1

[Event "I Weekend A"]
[Site "Biella ITA"]
[Date "2010.09.25"]
[Round "2"]
[White "Vezzosi, Paolo"]
[Black "Guidi, Giacomo G."]
[Result "1-0"]
[WhiteElo "2347"]
[BlackElo "1942"]
[PlyCount "40"]
[EventDate "2010.09.24"]

1. d4 f5 2. g3 Nf6 3. Bg2 e6 4. Nf3 Be7 5. c4 O-O 6. Nc3 d6 7. O-O Qe8 8. Re1
Qg6 9. e4 Nxe4 10. Nxe4 fxe4 11. Rxe4 Nc6 12. Qe2 Bf6 13. Bd2 e5 14. dxe5 dxe5
15. Bc3 Nd4 16. Bxd4 exd4 17. Nxd4 c6 18. Re1 Bxd4 19. Rxd4 Bf5 20. Qd2 Rfe8
1-0

[Event "I Weekend A"]
[Site "Biella ITA"]
[Date "2010.09.25"]
[Round "3"]
[White "Angelini, Marco"]
[Black "Vezzosi, Paolo"]
[Result "0-1"]
[WhiteElo "2163"]
[BlackElo "2347"]
[PlyCount "54"]
[EventDate "2010.09.24"]

1. e4 c6 2. d4 d5 3. e5 Bf5 4. Nf3 e6 5. Be2 Ne7 6. O-O Nd7 7. Be3 Bg4 8. Nbd2
Nf5 9. c3 Be7 10. Bd3 Nh4 11. h3 Nxf3+ 12. Nxf3 Bh5 13. g4 Bg6 14. Bxg6 fxg6
15. Ne1 g5 16. Nd3 Nf8 17. f4 gxf4 18. Bxf4 Ng6 19. Bg3 Bg5 20. Qe2 Qe7 21. b4
O-O-O 22. a4 Rhf8 23. b5 Rxf1+ 24. Rxf1 cxb5 25. axb5 Qa3 26. Nc5 Qxc3 27. Nxe6
Qxg3+ 0-1

[Event "I Weekend A"]
[Site "Biella ITA"]
[Date "2010.09.25"]
[Round "3"]
[White "Arnaudov, G. Petar"]
[Black "Grinza, Andrea"]
[Result "1-0"]
[WhiteElo "2442"]
[BlackElo "2239"]
[PlyCount "25"]
[EventDate "2010.09.24"]

1. Nf3 d5 2. d4 c6 3. c4 Bg4 4. Ne5 Bf5 5. cxd5 Bxb1 6. dxc6 Be4 7. Qb3 Qxd4 8.
Qxb7 e6 9. Qxf7+ Kd8 10. Qxf8+ Kc7 11. Qxg7+ Kd6 12. Bf4 Qb4+ 13. Bd2 1-0

[Event "I Weekend A"]
[Site "Biella ITA"]
[Date "2010.09.25"]
[Round "3"]
[White "Arruzza, Francesco"]
[Black "D'Agostino, Maurizio"]
[Result "1/2-1/2"]
[WhiteElo "1850"]
[BlackElo "2004"]
[PlyCount "71"]
[EventDate "2010.09.24"]

1. e4 Nf6 2. Nc3 d5 3. e5 d4 4. exf6 dxc3 5. fxe7 cxd2+ 6. Qxd2 Qxd2+ 7. Bxd2
Bxe7 8. Bc3 O-O 9. O-O-O Be6 10. Kb1 Nd7 11. Bb5 c6 12. Ba4 Nc5 13. Bb3 Nxb3
14. axb3 Rad8 15. Ne2 Bc5 16. f3 Rfe8 17. Ng3 h6 18. Ne4 Bf8 19. Kc1 Bd5 20.
Ng3 Bd6 21. Rhe1 Bf4+ 22. Kb1 b6 23. Rxe8+ Rxe8 24. Re1 Rxe1+ 25. Bxe1 g6 26.
h3 f5 27. Ne2 Be3 28. Nc3 Be6 29. h4 Kf7 30. g3 g5 31. Nd1 Bd4 32. hxg5 hxg5
33. f4 g4 34. Bf2 Bf6 35. b4 Ke7 36. c3 1/2-1/2

[Event "I Weekend A"]
[Site "Biella ITA"]
[Date "2010.09.25"]
[Round "3"]
[White "Bardone, Lorenzo"]
[Black "Ubezio, Marco"]
[Result "1/2-1/2"]
[WhiteElo "1596"]
[BlackElo "2137"]
[PlyCount "42"]
[EventDate "2010.09.24"]

1. e4 Nf6 2. e5 Nd5 3. d4 d6 4. c4 Nb6 5. exd6 exd6 6. Nc3 Bf5 7. Nf3 Be7 8.
Be2 O-O 9. O-O Bf6 10. Be3 Re8 11. Rc1 Nc6 12. b3 d5 13. c5 Nc8 14. Qd2 a6 15.
Rfe1 h6 16. h3 N8e7 17. Nh2 Bg6 18. Ng4 Bg5 19. Bxg5 hxg5 20. Qxg5 Nxd4 21. Bd3
c6 1/2-1/2

[Event "I Weekend A"]
[Site "Biella ITA"]
[Date "2010.09.25"]
[Round "3"]
[White "Finocchiaro, Gianluca"]
[Black "Lucchese, Paolo"]
[Result "1/2-1/2"]
[WhiteElo "2121"]
[BlackElo "1917"]
[PlyCount "23"]
[EventDate "2010.09.24"]

1. e4 c5 2. c3 e5 3. Nf3 Nc6 4. Bc4 Be7 5. O-O Nf6 6. Ng5 O-O 7. f4 d5 8. exd5
Na5 9. d3 Nxd5 10. Na3 Nxc4 11. Nxc4 exf4 12. Ne4 1/2-1/2

[Event "I Weekend A"]
[Site "Biella ITA"]
[Date "2010.09.25"]
[Round "3"]
[White "Lanzani, Mario"]
[Black "Topczewski, Damian"]
[Result "1/2-1/2"]
[WhiteElo "2360"]
[BlackElo "2165"]
[PlyCount "41"]
[EventDate "2010.09.24"]

1. e4 c5 2. c3 Nf6 3. e5 Nd5 4. Nf3 Nc6 5. d4 cxd4 6. cxd4 d6 7. Bc4 e6 8. O-O
Be7 9. Qe2 a6 10. Nc3 Nxc3 11. bxc3 dxe5 12. dxe5 b5 13. Bd3 Bb7 14. a4 b4 15.
Rd1 Qc7 16. cxb4 Nxb4 17. Bc4 O-O 18. Bg5 Bd5 19. Rac1 Qb7 20. Bxe7 Qxe7 21.
Bxd5 1/2-1/2

[Event "I Weekend A"]
[Site "Biella ITA"]
[Date "2010.09.25"]
[Round "3"]
[White "Marholev, Dimitar"]
[Black "Aghayev, Miragha"]
[Result "1/2-1/2"]
[WhiteElo "2407"]
[BlackElo "2101"]
[PlyCount "65"]
[EventDate "2010.09.24"]

1. e4 c5 2. Nf3 d6 3. d4 cxd4 4. Nxd4 Nf6 5. Nc3 a6 6. Bc4 e6 7. Bb3 b5 8. O-O
Be7 9. Qf3 Qc7 10. Qg3 O-O 11. Bh6 Ne8 12. Rfe1 Bd7 13. Rad1 Nc6 14. Nxc6 Bxc6
15. a3 Qb7 16. Nd5 Bd8 17. Nc3 a5 18. f3 a4 19. Bd5 Bf6 20. Bxc6 Qxc6 21. f4
Bxc3 22. bxc3 Kh8 23. Bg5 f6 24. Bh4 Qc5+ 25. Qe3 Qxa3 26. Ra1 Qc5 27. Qxc5
dxc5 28. Bf2 Rf7 29. Bxc5 Rc8 30. Bd4 Nd6 31. Reb1 Nxe4 32. Rxb5 Rfc7 33. Rxa4
1/2-1/2

[Event "I Weekend A"]
[Site "Biella ITA"]
[Date "2010.09.25"]
[Round "3"]
[White "Naumkin, Igor"]
[Black "Profumo, Alberto"]
[Result "1-0"]
[WhiteElo "2483"]
[BlackElo "2250"]
[PlyCount "59"]
[EventDate "2010.09.24"]

1. d4 Nf6 2. c4 g6 3. Nc3 Bg7 4. e4 d6 5. Nf3 O-O 6. Be2 e5 7. O-O Nc6 8. d5
Ne7 9. b4 Nh5 10. Re1 f5 11. Ng5 Nf6 12. Bf3 fxe4 13. Ncxe4 Nf5 14. Ne6 Bxe6
15. dxe6 Nxe4 16. Bxe4 c6 17. b5 Rc8 18. bxc6 bxc6 19. Rb1 Qf6 20. Rb7 Qxe6 21.
Rxa7 Qxc4 22. Bxf5 Rxf5 23. Qxd6 Qd4 24. Qe6+ Kh8 25. Qxc8+ Rf8 26. Be3 Qb4 27.
Qxf8+ Bxf8 28. Rc1 c5 29. Ra8 Kg7 30. Rxf8 1-0

[Event "I Weekend A"]
[Site "Biella ITA"]
[Date "2010.09.25"]
[Round "3"]
[White "Sgnaolin, Davide"]
[Black "Inkiov, Ventzislav V."]
[Result "1-0"]
[WhiteElo "2247"]
[BlackElo "2485"]
[PlyCount "65"]
[EventDate "2010.09.24"]

1. e4 e5 2. Nf3 Nc6 3. Bc4 Nf6 4. d3 Be7 5. O-O O-O 6. Bb3 d6 7. c3 Na5 8. Bc2
c5 9. Re1 Qc7 10. Nbd2 Re8 11. Nf1 h6 12. Ng3 Bf8 13. h3 g6 14. a3 c4 15. d4
Bg7 16. Be3 Bd7 17. Nh2 Nc6 18. f4 exf4 19. Bxf4 Qb6 20. Kh1 h5 21. Nf3 d5 22.
e5 Nh7 23. Ng5 Nxg5 24. Bxg5 Qxb2 25. Qd2 Qb6 26. Bf6 Nxd4 27. Bxg7 Kxg7 28.
cxd4 f6 29. Rab1 Qe6 30. Rf1 f5 31. Qg5 Kh7 32. Nxh5 gxh5 33. Bxf5+ 1-0

[Event "I Weekend A"]
[Site "Biella ITA"]
[Date "2010.09.25"]
[Round "3"]
[White "Stips, Felix"]
[Black "Genocchio, Daniele"]
[Result "1-0"]
[WhiteElo "2214"]
[BlackElo "2449"]
[PlyCount "79"]
[EventDate "2010.09.24"]

1. Nf3 c5 2. c4 Nf6 3. Nc3 e6 4. e4 Nc6 5. Be2 a6 6. O-O Qc7 7. d4 cxd4 8. Nxd4
Nxd4 9. Qxd4 Bd6 10. Kh1 Be5 11. Qd3 Qc6 12. f4 Bxc3 13. Qxc3 b5 14. b3 Bb7 15.
Bf3 bxc4 16. Ba3 Nxe4 17. Qxg7 O-O-O 18. Rac1 Rhg8 19. Qe5 c3 20. Bxe4 Qxe4 21.
Rxc3+ Qc6 22. Rfc1 Rg6 23. Rxc6+ Bxc6 24. Rg1 Kb7 25. Bb4 Rc8 26. h3 f6 27. Qd4
Bd5 28. Bc3 Rg3 29. Rc1 Bxg2+ 30. Kg1 Bd5+ 31. Kf1 Rcg8 32. Qb4+ Ka8 33. Bd4
Rxh3 34. Qc5 Rh1+ 35. Ke2 Rg2+ 36. Bf2 Rxf2+ 37. Kxf2 Rh2+ 38. Kg3 Rg2+ 39. Kh3
Rg8 40. Qd6 1-0

[Event "II Torneo"]
[Site "Codogno ITA"]
[Date "2010.09.24"]
[Round "1"]
[White "Acunzo, Domenico"]
[Black "Novoselski, Zoran"]
[WhiteElo "1802"]
[BlackElo "2417"]
[Result "1-0"]
[PlyCount "93"]
[EventDate "2010.09.24"]

1. e4 c5 2. Nf3 d6 3. Be2 Nc6 4. c3 e5 5. O-O Nf6 6. Qc2 Be7 7. a4 O-O 8. Na3
h6 9. Nc4 Nh7 10. Ne3 Ng5 11. Nd5 Nxf3+ 12. Bxf3 Bg5 13. d3 Bxc1 14. Qxc1 Be6
15. Ne3 Qg5 16. g3 Na5 17. Qe1 g6 18. b4 cxb4 19. cxb4 Nb3 20. Rb1 Nd4 21. Bg2
Bh3 22. f4 exf4 23. Rxf4 Bxg2 24. Kxg2 h5 25. Qf2 Ne6 26. Rf6 Rac8 27. Rf1 Qe5
28. Nc4 Rxc4 29. dxc4 Ng5 30. Rxg6+ Kh7 31. Rxg5 Qxg5 32. Qf5+ Qxf5 33. Rxf5
Rc8 34. Rxf7+ Kg6 35. Rxb7 Rxc4 36. Kf3 a5 37. bxa5 Rxa4 38. Rb5 h4 39. gxh4
Ra3+ 40. Kg4 Re3 41. h5+ Kf6 42. Kf4 Rh3 43. a6 Rh4+ 44. Ke3 Rh3+ 45. Kd4 Ra3
46. Rb6 Ke6 47. h6 1-0

[Event "II Torneo"]
[Site "Codogno ITA"]
[Date "2010.09.24"]
[Round "1"]
[White "Gromovs, Sergejs"]
[Black "Bongiorni, Gabriele"]
[WhiteElo "2304"]
[BlackElo "1795"]
[Result "1/2-1/2"]
[PlyCount "164"]
[EventDate "2010.09.24"]

1. d4 d5 2. c4 e6 3. Nc3 Nf6 4. Nf3 Be7 5. Bf4 a6 6. e3 O-O 7. Qc2 dxc4 8. Bxc4
b5 9. Bd3 Bb7 10. e4 h6 11. O-O Nc6 12. e5 Nh5 13. Be3 Nb4 14. Bh7+ Kh8 15. Qb1
Bxf3 16. gxf3 g6 17. a3 Nd5 18. Bxh6 Kxh7 19. Bxf8 Bxf8 20. Qe4 Ndf4 21. Kh1 c5
22. Rad1 c4 23. d5 Qg5 24. Rg1 Qf5 25. dxe6 Qxe4 26. Nxe4 Nxe6 27. Rd7 Kg7 28.
Rgd1 Nhf4 29. Nd6 Nd3 30. Rxf7+ Kg8 31. Rd2 Bxd6 32. Rf6 Bxe5 33. Rxe6 Bxb2 34.
a4 bxa4 35. Rc6 Ne5 36. Rc5 c3 37. Rd6 Ba3 38. Rdd5 Bxc5 39. Rxc5 Nxf3 40. Rxc3
Rf8 41. Rc6 Rf5 42. Kg2 Ne1+ 43. Kf1 Nd3 44. Ke2 Nb4 45. Rxg6+ Kf7 46. Rg4 a5
47. Rg3 Nc2 48. Rc3 Nd4+ 49. Ke3 Nb5 50. Rc4 a3 51. Ra4 Nd6 52. Ke2 Nb5 53. Ke3
Nd6 54. Ke2 Re5+ 55. Kf3 Rh5 56. Kg2 Rc5 57. Rxa3 Kg6 58. Kf3 Nf5 59. Ke4 Rb5
60. Kd3 Kg5 61. Ra4 Nd6 62. Kc3 Kf5 63. f3 Nb7 64. Rh4 Kg5 65. Rg4+ Kh5 66. Rd4
Rf5 67. Rd3 Kh4 68. Kc4 Kh3 69. Rd7 Rf4+ 70. Kd5 Rb4 71. Rh7+ Kg2 72. f4 a4 73.
f5 a3 74. Rg7+ Kxh2 75. Rh7+ Kg3 76. Rh1 a2 77. Ra1 Ra4 78. f6 Nd8 79. Kc5 Kf4
80. Kb5 Ra8 81. Kc4 Kf5 82. Kb3 Ke5 1/2-1/2

[Event "II Torneo"]
[Site "Codogno ITA"]
[Date "2010.09.24"]
[Round "1"]
[White "Laketic, Gojko"]
[Black "Marcori, Mirko"]
[WhiteElo "2448"]
[BlackElo "1851"]
[Result "1-0"]
[PlyCount "63"]
[EventDate "2010.09.24"]

1. d4 f5 2. g3 g6 3. Bg2 Bg7 4. Nh3 Nf6 5. Nf4 c6 6. c4 Na6 7. Nc3 Nc7 8. O-O
d6 9. d5 Bd7 10. e4 fxe4 11. Nxe4 Nxe4 12. Bxe4 O-O 13. Qb3 Rb8 14. Be3 c5 15.
a4 a6 16. a5 Qc8 17. Rfe1 Qd8 18. Qc2 Bf5 19. Bd2 e5 20. dxe6 Qe7 21. Bc3 Bxc3
22. Qxc3 Bxe4 23. Rxe4 Rxf4 24. Rxf4 Qxe6 25. Re1 Qd7 26. Qf6 Re8 27. Rxe8+
Qxe8 28. Qxd6 Qe1+ 29. Kg2 Ne6 30. Qb8+ Kg7 31. Qxb7+ Kh6 32. Re4 1-0

[Event "II Torneo"]
[Site "Codogno ITA"]
[Date "2010.09.24"]
[Round "1"]
[White "Mantovani, Enrico"]
[Black "De Santis, Alessio"]
[WhiteElo "1767"]
[BlackElo "2300"]
[Result "0-1"]
[PlyCount "80"]
[EventDate "2010.09.24"]

1. d4 b6 2. Nf3 Bb7 3. c4 e6 4. Nbd2 f5 5. e3 Nf6 6. Be2 Bb4 7. a3 Bxd2+ 8.
Bxd2 Ne4 9. Rc1 O-O 10. c5 g5 11. cxb6 axb6 12. Bb4 Rf7 13. Qc2 Nc6 14. Bc3 Ne7
15. Ne5 Rg7 16. f3 Nxc3 17. Qxc3 Nd5 18. Qd2 f4 19. e4 Ne3 20. Kf2 g4 21. g3
gxf3 22. Bxf3 d6 23. gxf4 dxe5 24. Kxe3 exf4+ 25. Ke2 Ra4 26. Rcd1 Qh4 27. Rdg1
Ba6+ 28. Kd1 Qf6 29. e5 Qd8 30. Rxg7+ Kxg7 31. Qg2+ Kh8 32. d5 Rd4+ 33. Kc1 Bd3
34. b3 exd5 35. Rg1 Qf8 36. Kb2 Bg6 37. h4 Qf5 38. h5 Qxe5 39. Ka2 Qe3 40. Qh3
Rd2+ 0-1